| 000 | 00370pab a2200157 454500 | ||
|---|---|---|---|
| 008 | 180718b2015 xxu||||| |||| 00| 0 eng d | ||
| 100 | _aChakravartty, Sumit | ||
| 245 | _aNehru's struggle for secularism | ||
| 260 | _c2015 | ||
| 300 | _ap.28-30. | ||
| 362 | _aMay | ||
| 650 | _aSecularism | ||
| 650 | _aNehru, Jawaharlal | ||
| 773 | _aMainstream | ||
| 909 | _a108663 | ||
| 999 |
_c108658 _d108658 |
||